| 000 | 01092nam a22002297a 4500 | ||
|---|---|---|---|
| 005 | 20100728104917.0 | ||
| 010 | _aHIN-89857 | ||
| 020 | _c80.00 | ||
| 035 | _aHN-62203 | ||
| 037 | _bDBAD / PUB | ||
| 082 | _a821 | ||
| 100 |
_aबन्धु, रविकुमार 'निर्बल' _91995 |
||
| 245 |
_aबुझते दीये तले: _bकविता संग्रह / _cरविकुमार बन्धु 'निर्बल' |
||
| 246 |
_aBujhte diye taley:Kavita Sangrah _bby Ravikumar Bandhu 'Nirbal' |
||
| 260 |
_aइन्दौर _bसाहित्य संगम _c2009 |
||
| 270 |
_a'श्रमफल' 1520, सुदामा नगर, _bइन्दौर _e9 _k2482259, मो.-9893034149 |
||
| 300 |
_a111पृ. _c22सेमी (अजिल्द) |
||
| 650 |
_bहिन्दी कविता _9697 |
||
| 650 |
_bHindi Poetry _9698 |
||
| 942 |
_2ddc _cHN _h821 _mबन्धुर |
||
| 999 |
_c38014 _d38014 |
||